书目信息 |
| 题名: |
教你跳高
|
|
| 作者: | 王高峰 , 于刚 主编 | |
| 分册: | ||
| 出版信息: | 天津 天津科学技术出版社 2019 |
|
| 页数: | 154页 | |
| 开本: | 24cm | |
| 丛书名: | 健康中国 | |
| 单 册: | ||
| 中图分类: | G823.1 | |
| 科图分类: | ||
| 主题词: | 跳高--tiao gao--基本知识 | |
| 电子资源: | ||
| ISBN: | 978-7-5576-5534-1 | |
| 000 | 01172nam 2200277 450 | |
| 001 | 012001003157 | |
| 005 | 20131012112643.0 | |
| 010 | @a978-7-5576-5534-1@dCNY32.00 | |
| 099 | @aCAL 012019070228 | |
| 100 | @a20190603d2019 em y0chiy50 ea | |
| 101 | 0 | @achi |
| 102 | @aCN@b120000 | |
| 105 | @aa z 000yy | |
| 106 | @ar | |
| 200 | 1 | @a教你跳高@Ajiao ni tiao gao@f王高峰,于刚主编 |
| 210 | @a天津@c天津科学技术出版社@d2019 | |
| 215 | @a154页@c图@d24cm | |
| 225 | 2 | @a健康中国@Ajian kang zhong guo |
| 330 | @a本书详细介绍了跳高方面的知识,包括跳高运动概述,跳高运动技术,腹滚式跳高技术,背越式跳高技术,常见错误动作,比赛前的训练,跳高竞赛规则等内容。本书适合不同年龄段和水平的选手,通过阅读读者可以快速掌握基本技战术,了解关键技术,快速提升水平。 近50幅高清图片展示技战术要领;连贯照片展示动作从开始到结束的完整动态;照片上使用指向性曲线标注动态及技术要点;所有动作真人实拍、专业运动员展示,正确错误动作对比一目了然。 | |
| 410 | 0 | @12001 @a健康中国 |
| 606 | 0 | @a跳高@Atiao gao@x基本知识 |
| 690 | @aG823.1@v5 | |
| 701 | 0 | @a王高峰@AWang Gaofeng@4主编 |
| 701 | 0 | @a于刚@AYu Gang@4主编 |
| 801 | @b江苏凤凰@c20191020 | |
| 905 | @b1232105-10@dG823.1@e164@f6 | |
| 教你跳高/王高峰,于刚主编.-天津:天津科学技术出版社,2019 |
| 154页:图;24cm.-(健康中国) |
| ISBN 978-7-5576-5534-1:CNY32.00 |
| 本书详细介绍了跳高方面的知识,包括跳高运动概述,跳高运动技术,腹滚式跳高技术,背越式跳高技术,常见错误动作,比赛前的训练,跳高竞赛规则等内容。本书适合不同年龄段和水平的选手,通过阅读读者可以快速掌握基本技战术,了解关键技术,快速提升水平。 近50幅高清图片展示技战术要领;连贯照片展示动作从开始到结束的完整动态;照片上使用指向性曲线标注动态及技术要点;所有动作真人实拍、专业运动员展示,正确错误动作对比一目了然。 |
| ● |
| 相关链接 |
|
|
|
|
正题名:教你跳高
索取号:G823.1/164
 
预约/预借
| 序号 | 登录号 | 条形码 | 馆藏地/架位号 | 状态 | 备注 |
| 1 | 1232105 | 212321058 | 第一样本阅览室/ [索取号:G823.1/164] | 在馆 | |
| 2 | 1232106 | 212321067 | 教育系资料室/ [索取号:G823.1/164] | 在馆 | |
| 3 | 1232107 | 212321076 | 教育系资料室/ [索取号:G823.1/164] | 在馆 | |
| 4 | 1232108 | 212321085 | 教育系资料室/ [索取号:G823.1/164] | 在馆 | |
| 5 | 1232109 | 212321094 | 第四借阅区/ [索取号:G823.1/164] | 在馆 | |
| 6 | 1232110 | 212321101 | 第四借阅区/ [索取号:G823.1/164] | 在馆 |